[Event "Bermuda-A"]
[Site "Bermuda"]
[Date "2002.01.29"]
[Round "8"]
[White "Socko, Bartosz"]
[Black "Krush, Irina"]
[Result "1-0"]
[WhiteElo "2585"]
[BlackElo "2424"]
[Annotator "Hecht,H"]
[PlyCount "121"]
[EventDate "2002.01.21"]
[EventType "tourn"]
[EventRounds "9"]
[EventCountry "BER"]
[EventCategory "10"]
[SourceTitle "CBM 088"]
[Source "ChessBase"]
[SourceDate "2002.03.21"]
[SourceVersion "1"]
[SourceVersionDate "2002.03.21"]
[SourceQuality "1"]

1. e4 c5 2. Nf3 Nc6 3. d4 cxd4 4. Nxd4 Nf6 5. Nc3 e5 6. Ndb5 d6 7. Bg5 a6 8.
Na3 b5 9. Nd5 Be7 10. Bxf6 Bxf6 11. c3 Bg5 12. Nc2 Rb8 13. a4 bxa4 14. Ncb4 Bd7
15. Bxa6 Nxb4 16. Nxb4 Qa5 17. Qxd6 Rb6 18. Qd3 Be7 19. Nd5 Rxb2 20. O-O Qc5
21. c4 Rb3 22. Qe2 O-O 23. Bb5 Bxb5 24. cxb5 Bd8 25. Rfb1 Rxb1+ 26. Rxb1 Bb6
27. Qe3 Rb8 28. Qg3 Qd6 29. Ra1 Bd4 30. Rxa4 Qc5 31. h4 Qxb5 32. Rb4 Qxb4 33.
Nxb4 Rxb4 34. Qa3 {[#] Es ist schwer, eine sturmsichere Festung für Schwarz
aufzuspüren.} Rb1+ 35. Kh2 h5 36. Qa8+ Kh7 37. Qa2 Rb7 38. Qd5 Re7 39. f4 g6 (
39... Bf2 40. fxe5 Bxh4 41. g3 Bxg3+ (41... Bg5 42. e6 Rxe6 43. Qxg5 g6 {
Ist das vielleicht eine Festung!? Ich unterbreite einige Vorschläge.} 44. Qd5
Kg7 45. e5 Kg8 46. Kg2 Kg7 47. Kf3 Kg8 48. Ke4 Kg7 49. Kd4 Kg8 50. Qd7 Kg7 51.
Kd5 Ra6 (51... Kg8 52. Qxe6 fxe6+ 53. Kxe6 g5 54. Kd7 h4 55. gxh4 gxh4 56. e6
h3 57. e7 h2 58. e8=Q+ $18) (51... Kf8 52. Qxe6 fxe6+ 53. Kxe6 $18) 52. Qd6 Ra1
(52... Rxd6+ 53. exd6 Kf8 54. Kc6 Ke8 55. Kc7 $18) 53. Qf6+ Kg8 54. e6 fxe6+
55. Qxe6+ Kh7 56. Qf7+ Kh6 57. Qg8 ({immerhin ist} 57. Qf4+ Kh7 58. g4 hxg4 59.
Qxg4 Ra5+ 60. Kc6 Rf5 {remis}) 57... Rf1 58. Qh8+ Kg5 59. Ke6 Rf5 {ist genauer
zu prüfen}) 42. Kxg3 g6 (42... Re6 43. Qd7 Kg6 44. Kf4 {[%cal Yf4e3,Ye3d4,
Yd4d5,Yd7d6] sieht nicht nach Festung aus.}) 43. Qd6 Re6 44. Qf8 $18) 40. Qd8
Ra7 41. f5 Bc5 42. f6 Ba3 43. Qe8 Bd6 44. Kh3 Ra3+ 45. g3 Ra7 46. Kg2 Ba3 47.
Kf3 Rc7 48. Ke2 Rc2+ 49. Ke3 Rc3+ 50. Kd2 Rc7 51. Kd3 Bc5 (51... Bd6 52. Qd8
Rc1 53. Qd7 Kg8 54. Qe8+ Bf8 55. Qxe5 $16) (51... Bb2 52. Qf8 $18) 52. Qxe5 Rc6
53. Ke2 Ba3 54. Qa5 Bb2 55. Qb5 Rc2+ 56. Kd3 Rg2 57. e5 Rxg3+ 58. Ke2 Rg2+ 59.
Kf3 Rc2 60. Qe8 Rc7 61. Qf8 1-0

[Event "Bundesliga 0203"]
[Site "Germany"]
[Date "2003.02.09"]
[Round "11.2"]
[White "Socko, Bartosz"]
[Black "Krasenkow, Michal"]
[Result "0-1"]
[WhiteElo "2569"]
[BlackElo "2651"]
[Annotator "Hecht,H"]
[PlyCount "112"]
[EventDate "2002.10.19"]
[EventType "team-tourn"]
[EventRounds "15"]
[EventCountry "GER"]
[SourceTitle "CBM 094"]
[Source "ChessBase"]
[SourceDate "2003.05.26"]
[SourceVersion "1"]
[SourceVersionDate "2003.05.26"]
[SourceQuality "1"]
[WhiteTeam "Kreuzberg"]
[BlackTeam "Baden Oos"]
[WhiteTeamCountry "GER"]
[BlackTeamCountry "GER"]

1. e4 c5 2. Nf3 Nc6 3. d4 cxd4 4. Nxd4 Nf6 5. Nc3 e5 6. Ndb5 d6 7. Bg5 a6 8.
Na3 b5 9. Nd5 Be7 10. Bxf6 Bxf6 11. c3 Ne7 12. Nxf6+ gxf6 13. Bd3 d5 14. Qe2 d4
15. cxd4 Qxd4 16. O-O-O Qb6 17. Qe3 Qxe3+ 18. fxe3 Rg8 19. Rd2 Bb7 20. Rf1 Rg6
21. Nc2 Nc8 22. Nb4 Nd6 23. Nd5 Rc8+ 24. Kb1 f5 25. exf5 Rh6 26. e4 Bxd5 27.
exd5 Rxh2 28. f6 Kd7 29. Re2 Rg8 30. Bf5+ Nxf5 31. Rxf5 Kd6 32. Rfxe5 Rgxg2 33.
Rxg2 Rh1+ 34. Kc2 Kxe5 35. Re2+ Kxf6 36. d6 Rh5 37. Rd2 Rc5+ 38. Kb3 Rc8 39. d7
Rd8 40. Kb4 Ke6 41. Ka5 Rxd7 42. Re2+ Kf5 43. Kxa6 b4 44. a4 bxa3 45. bxa3 {
Vereinzelte Freibauern jeweils mit Königsunterstützung} h5 46. a4 h4 47. Rf2+ (
{In solchen Situationen pflegte der Berliner Fritze Vogt, ein alter Recke von
Eckbauer, zu sagen: "Freibauern müssen laufen". An diesem Allgemeinplatz ist
hier etwas dran.} 47. a5 h3 48. Kb6 Rd6+ 49. Kb7 Rh6 50. Rf2+ (50. Re1 h2 51.
Rh1 Kg4 52. a6 f5 53. a7 Rh7+ 54. Kb6 Rxa7 55. Kxa7 Kg3 56. Ra1 f4 {Hier
gewinnt Schwarz gerade so.}) 50... Kg4 51. Rxf7 h2 52. Rf1 $11) 47... Kg4 48.
Rg2+ Kh5 {Jetzt steht der König dem f-Bauern nicht mehr im Weg.} 49. Rg7 (49.
a5 h3 50. Ra2 f5 51. Kb6 f4 52. a6 f3 53. a7 Rxa7 54. Kxa7 Kg4 55. Kb6 Kg3 56.
Ra8 h2 57. Rg8+ Kf4 58. Rh8 f2 $19) 49... Rd6+ 50. Kb5 f5 51. a5 h3 52. Rg1 Kh4
53. Rg8 Rh6 54. a6 h2 55. a7 h1=Q 56. a8=Q Qxa8 0-1

[Event "MK Cafe Cup-A"]
[Site "Koszalin"]
[Date "1999.08.06"]
[Round "4"]
[White "Degraeve, Jean Marc"]
[Black "Filippov, Valerij"]
[Result "1/2-1/2"]
[WhiteElo "2542"]
[BlackElo "2605"]
[Annotator "Hecht,H"]
[PlyCount "147"]
[EventDate "1999.08.03"]
[EventType "swiss"]
[EventRounds "9"]
[EventCountry "POL"]
[SourceTitle "CBM 073"]
[Source "ChessBase"]
[SourceDate "1999.12.01"]
[SourceVersion "1"]
[SourceVersionDate "1999.12.01"]
[SourceQuality "1"]

1. e4 c5 2. Nf3 e6 3. d4 cxd4 4. Nxd4 Nf6 5. Nc3 Nc6 6. Ndb5 d6 7. Bf4 e5 8.
Bg5 a6 9. Na3 b5 10. Nd5 Be7 11. Bxf6 Bxf6 12. c3 O-O 13. Nc2 Bg5 14. h4 Bh6
15. g3 Be6 16. Bh3 a5 17. Bxe6 fxe6 18. Nde3 Bxe3 19. Nxe3 b4 20. O-O a4 21. a3
bxc3 22. bxc3 Qc7 23. Rb1 Nd8 24. Rb4 Nb7 25. Nc4 Ra6 26. Qe2 Nc5 27. Rfb1 Qf7
28. Rb8 Rc6 29. R1b4 Qe7 30. Nb2 h6 31. Qb5 Rxb8 32. Qxb8+ Qf8 33. Qb5 Rc7 34.
Nxa4 Rb7 35. Qc4 Rxb4 36. Qxb4 Nd3 37. Qb6 Qf3 38. Nb2 Ne1 39. Kf1 Qh1+ 40. Ke2
Qxe4+ 41. Qe3 Qb1 42. Nd1 Nc2 43. Qd3 d5 44. Qa6 Kf7 45. Qa7+ Kf6 46. Qa8 Qa2
47. Qf8+ Kg6 48. Kf1 Qc4+ 49. Kg1 Qd3 50. Nb2 Qxc3 51. h5+ Kh7 52. Qf7 Qe1+ 53.
Kh2 Qe4 54. f3 Qf5 55. Qxf5+ exf5 {[#]} 56. Nd3 Nxa3 {Die Aufgabe der
verbundenen Freibauern gegen den hier nicht übermäßig starken Randfreibauern
führt zu rascher weiterer Bauernreduzierung. Aussichtsreicher war:} (56... e4
57. Nb4 Ne3 58. a4 (58. Kg1 d4 59. Kf2 Nc4 60. fxe4 fxe4 61. a4 d3 62. a5 e3+ (
62... d2 63. Ke2 e3 64. Nd5 $11) 63. Kf3 d2 64. Ke2 Nb2 $19) 58... d4 59. fxe4
fxe4 60. a5 d3 61. Na2 Nd5 $19) 57. Nxe5 Kg8 58. g4 fxg4 59. fxg4 Nc4 60. Nf3
Kf7 61. Kg3 Kf6 62. Kf4 Nb2 63. g5+ hxg5+ 64. Nxg5 Nd3+ 65. Kg4 d4 66. Ne4+ Ke5
67. Nd2 {[%csl Rg7][%cal Rd2f3,Rf3d4,Rg4g5,Rg5g6]} Kd5 68. Kf5 Ne5 69. Kf4 Nc4
70. Nf3 d3 71. Kf5 Nd6+ 72. Kf4 Nf7 (72... Kc4 $5 73. Kg5 $1 (73. Ne5+ Kc3 74.
Nxd3 Kxd3 75. Kg5 (75. Ke5 Nf7+ 76. Kf5 (76. Ke6 Nh6 77. Ke7 Ke4 78. Kf8 Nf5
$19) 76... Nh8 77. Ke6 Ke4 78. Ke7 Kf5 79. Kf8 Kf6 80. Kg8 Nf7 $19) 75... Ke4
76. Kg6 (76. h6 Nf7+ 77. Kg6 gxh6 $19) 76... Nf5 $19) 73... Kc3 74. Kg6 Nc4 75.
Kxg7 Ne5 76. Nxe5 d2 77. h6 d1=Q 78. h7 $11) 73. Ke3 Kc4 74. Kd2 $22 1/2-1/2

[Event "RUS-chT 03rd"]
[Site "Kazan"]
[Date "1995.??.??"]
[Round "3"]
[White "Stripunsky, Alexander"]
[Black "Iskusnyh, Sergei"]
[Result "1-0"]
[WhiteElo "2495"]
[BlackElo "2430"]
[Annotator "Hecht,H"]
[PlyCount "131"]
[EventDate "1995.??.??"]
[EventType "team-tourn"]
[EventRounds "9"]
[EventCountry "RUS"]
[SourceTitle "CBM 051"]
[Source "ChessBase"]
[SourceDate "1996.04.01"]
[SourceVersion "1"]
[SourceVersionDate "1996.04.01"]
[SourceQuality "1"]
[WhiteTeam "Surgut Fakel-Surgutgazprom"]
[BlackTeam "Kemerovo SDYuShOR Politekhnik"]
[WhiteTeamCountry "RUS"]
[BlackTeamCountry "RUS"]

1. e4 c5 2. Nf3 Nc6 3. d4 cxd4 4. Nxd4 Nf6 5. Nc3 e5 6. Ndb5 d6 7. Bg5 a6 8.
Na3 b5 9. Nd5 Be7 10. Bxf6 Bxf6 11. c3 O-O 12. Nc2 Bg5 13. g3 Rb8 14. h4 Bh6
15. Bg2 a5 16. a3 Be6 17. O-O Ne7 18. Nce3 Bxe3 19. Nxe3 Qb6 20. Qd2 Bb3 21.
Rfe1 Rfe8 22. Re2 Rbd8 23. Qd3 Rd7 24. Rd2 Red8 25. Re1 Qc5 26. Nf5 f6 27.
Nxe7+ Rxe7 28. Qe3 Qxe3 29. Rxe3 Rb7 30. Bf3 a4 31. Bg4 Kf8 32. f4 Ke7 33. Kf2
Rc7 34. Bf5 h6 35. Bg6 Be6 36. Red3 Rc5 37. Re3 d5 38. Red3 d4 39. cxd4 Rxd4
40. Rxd4 exd4 {TL-TL: schw B-Schwäche d4, zentraler weißer Bauerndurchbruch,
Taktik} 41. Kf3 Rc4 42. e5 f5 (42... Bd5+) (42... Bd5+ 43. Be4 Ke6 44. exf6
gxf6 45. g4 $14) 43. g4 $1 fxg4+ 44. Kg3 Bd7 45. h5 Rc1 46. Rxd4 Rg1+ 47. Kf2
Rh1 48. f5 Rh2+ 49. Kg3 Rxb2 50. f6+ gxf6 51. exf6+ Kxf6 52. Rxd7 b4 53. axb4
a3 54. Ra7 a2 55. Ra5 Rb3+ 56. Kh4 Rb2 57. Ra6+ Ke5 58. Bf7 Kf5 59. Be6+ Ke5
60. Bxg4 Rxb4 61. Rxa2 Rb6 62. Rf2 Rf6 63. Re2+ Kf4 64. Re8 Rf7 65. Re6 Rg7 66.
Rf6+ 1-0

[Event "IND-ch"]
[Site "Mumbai"]
[Date "2003.01.20"]
[Round "5"]
[White "Prathamesh, Sunil Mokal"]
[Black "Ganguly, Surya Shekhar"]
[Result "0-1"]
[WhiteElo "2366"]
[BlackElo "2556"]
[Annotator "Hecht,H"]
[PlyCount "158"]
[EventDate "2003.01.18"]
[EventType "tourn"]
[EventRounds "21"]
[EventCountry "IND"]
[EventCategory "8"]
[SourceTitle "CBM 094"]
[Source "ChessBase"]
[SourceDate "2003.05.26"]
[SourceVersion "1"]
[SourceVersionDate "2003.05.26"]
[SourceQuality "1"]

1. e4 c5 2. Nf3 e6 3. d4 cxd4 4. Nxd4 Nf6 5. Nc3 Nc6 6. Ndb5 d6 7. Bf4 e5 8.
Bg5 a6 9. Na3 b5 10. Nd5 Be7 11. Bxf6 Bxf6 12. c3 Bg5 13. Nc2 Ne7 14. Ncb4 O-O
15. a4 Nxd5 16. Nxd5 bxa4 17. Rxa4 a5 18. Bc4 Bd7 19. Ra2 Qc8 20. Qd3 Qc6 21.
h4 Bd8 22. Ne3 Rc8 23. b3 Be6 24. O-O Bxh4 25. Rxa5 Qb6 26. b4 Qc7 27. Bxe6
fxe6 28. g3 Bg5 29. Ng2 Be7 30. Ra3 Bd8 31. Ra6 Be7 32. Ra3 Qc6 33. b5 Qc5 34.
Rb3 Bd8 35. Qe3 Bb6 36. Qxc5 Rxc5 37. Ne3 d5 38. Rd1 d4 39. cxd4 exd4 40. Ng2
e5 41. Ne1 Rc3 42. Rb2 d3 43. Rxd3 Rc1 44. Re2 Rxe1+ 45. Rxe1 Bxf2+ 46. Kf1
Bxg3+ 47. Ke2 Bxe1 48. Kxe1 Rf4 49. Rb3 Rxe4+ 50. Kd2 Rd4+ 51. Ke3 Kf7 52. b6
Rd8 53. Rc3 Rb8 54. Rc7+ Kf6 55. b7 h5 56. Ke4 h4 57. Kf3 g5 58. Kg4 e4 59. Rh7
Ke5 60. Kxg5 h3 61. Kg4 h2 62. Rxh2 Rxb7 63. Kg3 (63. Ra2 Rg7+ 64. Kh3 e3 $19)
(63. Rh5+ Kd4 64. Ra5 Rf7 65. Ra4+ $11) 63... Rb3+ 64. Kg4 Kd4 65. Rh8 Rb1 66.
Kg3 Ke3 67. Kg2 Ke2 68. Ra8 Rb2 {[#]} 69. Kg1 $2 (69. Ra1 $1 $11 e3 70. Ra3 Kd2
(70... Rd2 71. Ra1 Rd1 72. Ra2+ Ke1 73. Kf3 $11) 71. Ra1 $8 Rc2 72. Kf1 $11) (
69. Ra3 e3 70. Ra1 $11 {Hier ginge auch noch Kg3 aber nicht Kg1}) 69... e3 $2 (
69... Rd2 $1 $19 70. Kg2 Ke1+ 71. Kg1 e3 72. Ra1+ Rd1 73. Ra2 e2 74. Kg2 Rc1
75. Ra8 Kd2 76. Rd8+ Kc2 77. Rc8+ Kb2 78. Rb8+ Ka3 $19) 70. Re8 $2 (70. Kg2 $1
$11 Rd2 71. Ra1 $11) 70... Rb7 $1 {Ab sofort gewinnt der einfache Brückenbau.}
71. Rd8 Rg7+ 72. Kh2 Kf2 73. Rf8+ Ke1 74. Re8 e2 75. Rd8 Rg5 76. Rd7 Kf2 77.
Rf7+ Ke3 78. Re7+ Kf3 79. Re8 Rg4 0-1

[Event "EU-Cup 01st final play-off"]
[Site "Solingen"]
[Date "1976.05.10"]
[Round "4.3"]
[White "Kurajica, Bojan"]
[Black "Dvoretzky, Mark"]
[Result "1/2-1/2"]
[WhiteElo "2525"]
[BlackElo "2540"]
[Annotator "Hecht,H"]
[PlyCount "32"]
[EventDate "1976.05.08"]
[EventType "team-match"]
[EventRounds "3"]
[EventCountry "GER"]
[SourceTitle "MCD"]
[Source "ChessBase"]
[SourceDate "1999.07.01"]
[SourceVersion "1"]
[SourceVersionDate "1999.07.01"]
[SourceQuality "1"]
[WhiteTeam "Solingen SG"]
[BlackTeam "Burevestnik"]
[WhiteTeamCountry "GER"]
[BlackTeamCountry "URS"]

{Sehr vorsichtig opereieren beide Partner in der Pelikanvariante. Man wandelt
auf streng positionellen Pfaden. Das Gleichgewicht ist nie gestört.} 1. e4 c5
2. Nf3 Nc6 3. d4 cxd4 4. Nxd4 Nf6 5. Nc3 e5 6. Ndb5 d6 7. Bg5 a6 8. Na3 b5 9.
Nd5 Be7 10. Bxf6 Bxf6 11. c3 O-O 12. Nc2 Rb8 13. Nce3 Bg5 14. Bd3 Be6 15. O-O
Bxe3 16. Nxe3 Ne7 1/2-1/2

[Event "Sigeman & Co 03rd"]
[Site "Malmo"]
[Date "1995.??.??"]
[Round "5"]
[White "Hector, Jonny"]
[Black "Krasenkow, Michal"]
[Result "0-1"]
[WhiteElo "2540"]
[BlackElo "2575"]
[Annotator "Hecht,H"]
[PlyCount "106"]
[EventDate "1995.05.??"]
[EventType "tourn"]
[EventRounds "9"]
[EventCountry "SWE"]
[EventCategory "12"]
[SourceTitle "CBM 048"]
[Source "ChessBase"]
[SourceDate "1995.10.01"]
[SourceVersion "1"]
[SourceVersionDate "1995.10.01"]
[SourceQuality "1"]

1. e4 c5 2. Nf3 e6 3. d4 cxd4 4. Nxd4 Nf6 5. Nc3 Nc6 6. Ndb5 d6 7. Bf4 e5 8.
Bg5 a6 9. Na3 b5 10. Nd5 Be7 11. Bxf6 Bxf6 12. c3 Rb8 13. Nc2 Bg5 14. Qd3 O-O
15. g3 a5 16. h4 Bh6 17. Rd1 Be6 18. Bh3 b4 19. c4 b3 20. axb3 Bxd5 21. Qxd5
Qb6 22. Qxd6 Qxb3 23. Qxc6 Qxc2 24. O-O Be3 25. Rd7 Bd4 26. Qc7 Rb3 27. Kh1 Rf3
28. Bg2 Rxf2 29. Rxf2 Qxf2 30. Kh2 a4 31. Rd8 g6 32. Rxf8+ Kxf8 {Q+B - Q+B 
(ungleichfarbige B) schwarzer Mattangriff trotz zweier weißer Q} 33. Qb8+ Kg7
34. c5 Qc2 35. Qe8 Bxb2 36. c6 a3 37. Qa8 h5 38. Qa6 Qc3 39. Qa8 Bc1 40. Qb7 a2
41. c7 a1=Q 42. c8=Q {[#]} Qxg3+ $3 43. Kxg3 Bf4+ 44. Kf2 (44. Kh3 Qa3+ $19)
44... Qd4+ 45. Kf1 Qd1+ 46. Kf2 Qd2+ 47. Kf1 Bg3 48. Qxf7+ Kxf7 49. Qc4+ Kg7
50. Kg1 Qe1+ 51. Qf1 Bxh4 $19 52. Qxe1 Bxe1 53. Bf3 Kh6 0-1

[Event "Reykjavik Olafsson"]
[Site "Reykjavik"]
[Date "1995.??.??"]
[Round "7"]
[White "Polgar, Sofia"]
[Black "Hjartarson, Johann"]
[Result "1-0"]
[WhiteElo "2485"]
[BlackElo "2570"]
[Annotator "Hjartarson,J"]
[PlyCount "85"]
[EventDate "1995.09.??"]
[EventType "tourn"]
[EventRounds "11"]
[EventCountry "ISL"]
[EventCategory "11"]
[SourceTitle "CBM 049"]
[Source "ChessBase"]
[SourceDate "1995.12.01"]
[SourceVersion "1"]
[SourceVersionDate "1995.12.01"]
[SourceQuality "1"]

1. e4 {Ftacnik} c5 2. Nf3 Nc6 3. d4 cxd4 4. Nxd4 Nf6 5. Nc3 e5 6. Ndb5 d6 7.
Bg5 a6 8. Na3 Be6 9. Nc4 Rc8 10. Bxf6 gxf6 11. Ne3 Bh6 12. Ng4 $1 (12. Bd3 Bxe3
13. fxe3 Qb6 14. Qc1 h5 $1 15. O-O Rh6 16. a3 (16. Rb1 {Ftacnik} Ne7 17. Qd2 h4
18. h3 Kd7 19. Rbd1 Rg8 20. Rf3 Rhg6 21. Bf1 Rg3 22. Kh2 {1-0 Borriss,
M-Yakovich,Y/Muenchen op9293 (07) 1992 (42)}) 16... h4 17. Rf2 h3 18. g3 Ne7
19. Qe1 Kf8 20. Rd1 Rc6 $10 {Hjartarson-Kharlov/Leeuwarden/op/1995}) (12. Ned5
{Ftacnik} f5 13. Qh5 Qg5 14. Qxg5 Bxg5 15. h4 Be7 16. f3 Rg8 17. O-O-O Nd4 18.
Rd2 fxe4 19. fxe4 Rg4 20. Nxe7 Kxe7 {0-1 Agopov,M-Steponavicius,S/Bratislava
WchJM-U16 (03) 1993 (29)}) (12. Ncd5 {Ftacnik} Rg8 (12... Bxe3 13. fxe3 Bxd5
14. exd5 Ne7 15. e4 Qb6 16. Bd3 Rg8 17. Qf3 Qb4+ 18. Ke2 Qxb2 19. Rhc1 Qd4 20.
g3 Rg6 {1/2-1/2 Molnar,Z-Hald Jens,E/Kecskemet op (08) 1991}) 13. c3 Rg6 14.
Be2 Ne7 15. Bh5 Bxe3 16. Nxe3 Rg7 17. Qf3 Ng6 18. g3 Ke7 19. Nf5+ Bxf5 20. exf5
Nf8 21. Qxb7+ {1-0 Pirisi,G-Petri,W/Dortmund op 1988 (32)}) 12... Bg7 13. Bd3 (
13. h3 {Ftacnik} f5 14. exf5 Bxf5 15. Ne3 Be6 16. Be2 O-O 17. g4 Ne7 18. g5 d5
19. Ng4 Nf5 20. h4 b5 21. Qd2 b4 22. Nd1 e4 {0-1 Rani Hamid-Hassapis,D/London
Lloyds 1988 (46)}) 13... Qb6 14. Rb1 Nd4 (14... Ne7 {Ftacnik} 15. O-O h5 16.
Ne3 Bh6 17. Re1 Bg5 18. Ned5 Qc6 19. Qf3 Rh6 20. h3 f5 21. Nb4 Qd7 22. exf5
Nxf5 23. Bxf5 Bxf5 24. Ne4 Bxe4 25. Qxe4 {Gallagher,J-Sermek,D/SWZ-ch (11)/
1994/0.4 (59)}) 15. O-O f5 16. exf5 Nxf5 17. Bxf5 $1 (17. Nd5 {Ftacnik} Bxd5
18. Bxf5 Be6 19. Ne3 O-O $13) 17... Bxf5 18. Ne3 Be6 19. Qh5 Qc6 20. Nf5 $2 (
20. Rbd1 {/\} O-O 21. Ncd5 $16) 20... Bf8 (20... Bxf5 {Ftacnik} 21. Qxf5 $14)
21. Rfd1 (21. Rbd1 $14) 21... Rg8 22. Ne3 Rg6 23. Ned5 (23. Qxh7 $2 Bh6 (23...
Bf5 {Ftacnik} 24. Kf1 Bxc2 25. Nxc2 Qxg2+ 26. Ke2 Qg4+ $13) 24. Ned5 Kd7 25. g3
Rcg8 26. Nf6+ Rxf6 27. Qxg8 Qf3 $19) 23... Bh6 24. Rd3 Kf8 (24... Bxd5 $1 25.
Rxd5 Bd2 $10) 25. Qh4 $2 (25. Rbd1 $1 $14) 25... Kg7 $2 (25... Bxd5 $1 26. Rxd5
Bd2 27. Qe4 (27. Rd1 {Ftacnik} Bxc3 28. bxc3 Kg7 $15) 27... Bxc3 28. bxc3 Qxc3
$17) 26. Rbd1 Bg5 27. Qh5 Bd8 (27... Bh6 {Ftacnik} 28. Rg3 $13) 28. Ne3 (28.
Rg3 {Ftacnik} Rxg3 29. hxg3 b5 $13) 28... Rg5 $6 (28... Be7 $5 29. Ncd5 Bg5 $13
) 29. Qe2 Bc4 30. h4 (30. Nxc4 $4 {Ftacnik} Qxg2#) (30. Rxd6 {Ftacnik} Qxd6 (
30... Bxe2 31. Rxc6 Rxc6 32. Rxd8 Bc4 33. Ne4) 31. Rxd6 Bxe2 32. Nxe2 Bc7 $15)
30... Bxd3 $2 (30... Rg6 $1 $13) 31. Qxd3 Rg6 (31... Rh5 {Ftacnik} 32. Nf5+ Kf8
33. Nxd6 $40) 32. h5 Rg5 (32... Re6 {Ftacnik} 33. Nf5+ Kf8 34. Nxd6 Rc7 35.
Nxf7 $16) 33. Ne4 Rxh5 (33... Kg8 $1 {Ftacnik} 34. Nxg5 Bxg5 35. c3 $14) 34.
Nxd6 $18 Bb6 (34... Rb8 {Ftacnik} 35. Qb3 Bc7 36. Qxf7+ $18) 35. Nef5+ Kf6 (
35... Rxf5 {Ftacnik} 36. Qxf5 Rf8 37. Qxe5+ f6 38. Qe7+ Kg8 39. Nf5 $18) 36.
Ne4+ $1 Kxf5 (36... Ke6 {Ftacnik} 37. Qb3+ Kxf5 38. Qxf7+ $18) 37. Qf3+ Kg6 (
37... Ke6 38. Qf6#) 38. Qg4+ Kh6 39. Rd6+ Qxd6 40. Nxd6 Rf8 (40... Rc7 {Ftacnik
} 41. Nf5+ Rxf5 42. Qxf5 $18) 41. Nf5+ Rxf5 42. Qxf5 f6 43. Qh3+ (43. Qh3+ {
Ftacnik} Kg6 44. Qg4+ Kf7 45. Qb4 Bd8 46. Qxb7+ $18) 1-0

[Event "Nordic-ch VISA"]
[Site "Reykjavik"]
[Date "1997.10.17"]
[Round "8"]
[White "Hjartarson, Johann"]
[Black "Schandorff, Lars"]
[Result "1-0"]
[WhiteElo "2605"]
[BlackElo "2505"]
[Annotator "Hjartarson,J"]
[PlyCount "77"]
[EventDate "1997.10.08"]
[EventType "tourn"]
[EventRounds "13"]
[EventCountry "ISL"]
[EventCategory "10"]
[SourceTitle "CBM 062"]
[Source "ChessBase"]
[SourceDate "1998.01.31"]
[SourceVersion "1"]
[SourceVersionDate "1998.01.31"]
[SourceQuality "1"]

1. e4 {Rogozenko} c5 2. Nf3 Nc6 3. d4 cxd4 4. Nxd4 Nf6 5. Nc3 e5 6. Ndb5 d6 7.
Bg5 a6 8. Na3 b5 9. Nd5 Be7 10. Bxf6 Bxf6 11. c3 O-O 12. Nc2 {Rogozenko: It`s
amasing, but Wnite`s main ideas here is to play next either 13.a4 or13.h4, and
Black only has to decide which pawn move is less dangerous. An unpleasant
choice, one should say.} Rb8 {Rogozenko: Another possibility here is 12. ...
Bg5, after which 13.h4 is harmless because of 13. ... Bh6. But after 12. ...
Bg5 comes 13.a4!.} 13. h4 Ne7 14. Nxf6+ gxf6 15. Bd3 {Rogozenko: This proved
to be better than 15.Qd2 ,which was played by Kasparov in his famous game
against Kramnik in Novgorod 1994.} f5 $2 {Rogozenko: 15. ... d5 is another
possibility here, but neither this, nor the game solve Black`s problems.} (
15... d5 16. exd5 Qxd5 17. Ne3 Qe6 18. Qh5 f5 19. O-O-O Qg6 20. Qg5 f6 21.
Qxg6+ hxg6 22. Bc2 $14 {Kasparov}) 16. exf5 Nxf5 17. Qh5 $1 {It may seem, that
the idea behind this move is to direct an attack against the black king. This
is not the case, it is designed to force black´s next move, which weakens the
square d4.} e4 18. Be2 $16 {Rogozenko: It`s played in a practical game
automatically, but I don`t see a refutation after 18.Be4.} (18. Bxe4 {Rogozenko
} Re8 (18... Qe7 19. Qg4+ (19. Qe2 $2 Re8 20. Bd3 Qd8 21. Ne3 Rxe3 22. fxe3 Ng3
$17) 19... Kh8 (19... Ng7 20. Qe2 Re8 21. Bd3 $16) 20. Qf4 Bb7 21. f3 d5 22.
Qxf5 dxe4 23. O-O-O $16) 19. Qf3 Bb7 (19... Nxh4 20. Qg3+ Ng6 21. O-O-O Rxe4
22. Rxd6 Qe8 23. Rxg6+ fxg6 24. Qxb8 $16) 20. Qxf5 Rxe4+ (20... Bxe4 21. Qg4+)
21. Ne3 Rxh4 22. Rxh4 Qxh4 23. O-O-O $14) 18... Ng7 $146 (18... a5 {Rogozenko}
19. a3 Be6 20. Rd1 Qf6 21. Qg4+ Ng7 22. Qxe4 Bb3 23. Rd2 Rfe8 24. Qd4 Qg6 25.
Ne3 Rxe3 26. fxe3 Qg3+ 27. Kf1 Nf5 28. Rh3 $16 {1-0 Wallace,J-Adnan,F/
WchJM-U20 1995/EXP 48 (38)}) (18... Qe7 {Rogozenko} 19. Qg5+ Kh8 20. O-O-O Rg8
21. Qxe7 Nxe7 22. Ne3 Nf5 23. Nxf5 Bxf5 24. Rhg1 Rg6 25. Kd2 a5 26. Ke3 b4 27.
c4 a4 28. Rd5 Bc8 29. h5 {1-0 Belotti,B-Leoncini,M/Montecatini Terme op 1995/
EXT 95op}) 19. Qh6 Rb6 20. Qd2 $1 {The queen returns having completed a
successful mission.} f5 21. Ne3 Be6 22. g3 a5 23. a3 {Rogozenko: Big advantage
for White due to his better pawn structure.} b4 $6 {This is rather desperate.
Black however, did not have any creative plan and his forces are very badly
coordinated.} (23... f4 24. gxf4 $16) (23... d5 {Rogozenko} 24. Rd1 Kh8 25.
Nxd5 $140 $2 (25. Nc2 $16) 25... Rd6 26. c4 bxc4 27. Bxc4 Qc8 28. b3 Rfd8 29.
Qxa5 Qd7) 24. axb4 axb4 25. cxb4 d5 26. Qd4 $1 {Rogozenko: A pawn up and much
better position gives White a decicive advantage.} Bf7 27. b5 Ne6 (27... Qf6 {
Rogozenko} 28. Rd1 $18) 28. Qe5 (28. Qxd5 Nd4 29. Qxd8 Rxd8 30. Ra6 $16) 28...
Ng7 29. Nxf5 (29. Rd1 $5 $16) 29... Nxf5 30. Qxf5 d4 (30... Be8 31. Qe5 Bxb5
32. Ra7 Qf6 (32... Rf7 33. Rxf7 Kxf7 34. Bxb5 Rxb5 35. O-O Qf6 36. Qc7+ Kg6 37.
Rc1 $18) 33. Qxd5+ Kh8 34. O-O $1 Bxe2 35. Qxe4 $18) 31. O-O {I think this is
a personal record of late castling!} (31. Qxe4 $4 {Rogozenko} Re8 32. Qd3 Rbe6
$19) 31... d3 32. Bh5 $1 Bg6 (32... Bd5 33. Qe5 $1 (33. Qg4+ $2 Kh8 34. Ra7 Bb7
$11) 33... Rxb5 34. Ra7 Rb7 35. Rfa1 Qd7 36. Ra8 $18) 33. Qc5 Bxh5 34. Qxh5 Qd7
35. Qg5+ Rg6 36. Qe3 $18 Qd5 37. Ra4 Re8 38. b6 (38. Rfa1 $1 $18) 38... d2 $2 (
38... Qb7 39. Rd1 Rxb6 (39... Qxb6 40. Rxd3 $18) 40. Rxd3 Rxb2 41. Qg5+ Qg7 42.
Rxe4 (42. Qxg7+ Kxg7 43. Ra7+ Kf6 44. Rda3 h5 45. R3a6+ $18)) 39. Rd4 $138 1-0